000 01216nas a22002657a 4500
003 OSt
005 20190920165512.0
008 130910b2017 slv spa
022 _a2227-4235
040 _cBMC
082 _a378.00772845
082 _a378.72840014
082 _a001.47284
245 1 0 _aAnuario de investigación 2017
_c[director, Nery F. Herrera Pineda]
260 _aSanta Ana, El Salvador
_bUNICAES, Dirección de Investigación
_c2017
300 _a443 p.
_bil.
_c28 cm
490 _aPublicaciones de la Dirección de Investigación
_v6
505 _aContiene: Antecedentes históricos sobre el resurgimiento de las Universidades.- Persona humana..- Ética en la publicidad y en las comunicaciones.- Gestión Empresarial.- Agricultura y medio ambiente.- Salud preventiva y curativa.-
610 2 4 _99278
_aUniversidad Católica de El Salvador
_bDirección de Investigación
_vAnuarios
610 2 4 _98619
_aUniversidad Católica de El Salvador
_xActividad científica
650 2 4 _94874
_aInvestigación
_zEl Salvador
700 1 _914396
_aHerrera Pineda, Nery Francisco
710 2 _99274
_aUniversidad Católica de El Salvador
_bDirección de Investigación
942 _2ddc
_cPR
_hprozim
999 _c28899
_d28899